000 00289nam a2200121Ia 4500
008 140130s9999 xx 000 0 und d
245 _cEmily Rodda
_aValley Of The Lost, The
260 _bScholastic,
_c2000
440 _v1
521 _aGrade 3 - Grade 4
942 _cBK
999 _c40828
_d40828